000 00402nam a2200169Ia 4500
005 20250423101432.0
008 250422s9999 xx 000 0 und d
020 _a0- 87120- 210- 7
050 _aLB 2805 .J69/
100 _aBruce Joyce
245 4 _aThe self- renewing school
260 _bASCD
260 _c1993
300 _a97 p
650 _aEducational change- uinted states
942 _cBK
999 _c36296
_d36296